More Foods 7-to-1 Quiz Stats

 Plays Quiz Updated Feb 13, 2019

Support Sporcle.
Go Orange.
Score 0/28 Timer 03:00
13 Plays Today
% Correct
Cheese
99.4%
Butter
99.3%
Milk
99.2%
Cream
99.1%
Yogurt
99%
Duck
96%
Sirloin
95.8%
Chicken
95.8%
Turkey
95.1%
Tenderloin
95.1%
Mussel
94.9%
Brisket
94.4%
Scallop
94.2%
Quail
93.6%
% Correct
Nutmeg
93.4%
Flank
93%
Shank
92.2%
Escargot
91.9%
Prickly pear
91.2%
Turmeric
90.3%
Basmati
88%
Chuck
87.5%
Wild
85.2%
Cockle
84.6%
Cardamom
83.9%
Paneer
78.5%
Quark
64.3%
Periwinkle
58.7%

From the Vault

MLB: Third Basemen With 2,000+ Career Hits

by ianmez

Sports 8m
These players brought a hot bat to the hot corner.
Remove Ads.
Support Sporcle.
Get the best of Sporcle when you Go Orange. This ad-free experience offers more features, more stats, and more fun while also helping to support Sporcle. Thank you for becoming a member.

Show Comments

Extras

Top Quizzes Today


Score Distribution

Your Account Isn't Verified!

In order to create a playlist on Sporcle, you need to verify the email address you used during registration. Go to your Sporcle Settings to finish the process.

Report this User

Report this user for behavior that violates our Community Guidelines.

Details: